| 000 | 00946nam a22003617a 4500 | ||
|---|---|---|---|
| 005 | 20240306161236.0 | ||
| 008 | 181130b xxu||||| |||| 00| 0 spa d | ||
| 020 | _a9789873832345 | ||
| 041 | _aESP | ||
| 082 | _a658.8 P232m | ||
| 100 |
_aParís, José Antonio _950924 |
||
| 245 | _aMarketing estratégico: desde el paradigma esencial | ||
| 260 | _aArgentina | ||
| 260 | _bAlfaomega | ||
| 260 | _c2017 | ||
| 300 | _a440 páginas | ||
| 650 | _aMARKETING | ||
| 650 | _aMARKETING ESTRATÉGICO | ||
| 650 | _aMERCADOTECNIA | ||
| 650 | _aCOMUNICACIÓN | ||
| 650 | _aCONSUMIDOR | ||
| 650 | _aMERCADO META | ||
| 650 | _aSEGMENTACIÓN DE MERCADOS | ||
| 650 | _aCOMPETENCIA | ||
| 650 | _aCOMPETITIVIDAD | ||
| 650 | _aPOSICIONAMIENTO | ||
| 650 | _aANÁLISIS ESTRATÉGICO | ||
| 650 | _aPLANIFICACIÓN ESTRATÉGICA | ||
| 650 | _aANÁLISIS MATRICIAL | ||
| 650 | _aANÁLISIS FODA | ||
| 942 |
_cBK _2ddc |
||
| 999 |
_c11384 _d11384 |
||